[Event "TUR-chT 2nd League"]
[Site "Konya"]
[Date "2022.08.26"]
[Round "7.15"]
[White "Uymaz, Suleyman"]
[Black "Kavri, Yusuf Eren"]
[Result "0-1"]
[WhiteElo "1352"]
[BlackElo "1965"]
[PlyCount "136"]
[EventDate "2022.08.22"]
[EventType "team-swiss"]
[EventRounds "9"]
[EventCountry "TUR"]
[SourceTitle "CBM 210 Extra"]
[Source "ChessBase"]
[SourceDate "2022.11.30"]
[SourceVersion "1"]
[SourceVersionDate "2022.11.30"]
[SourceQuality "1"]
[WhiteTeam "Altin Hamle Corum"]
[BlackTeam "Samsun Gercek"]
[WhiteTeamCountry "TUR"]
[BlackTeamCountry "TUR"]

1. e4 c5 2. Nc3 Nc6 3. f4 g6 4. Bc4 Bg7 5. Nf3 d6 6. 0-0 e6 7. a4 Nge7 8. Qe1 Nd4 9. Bb5+ Bd7 10. Bxd7+ Qxd7 11. Nxd4 cxd4 12. Ne2 0-0 13. c3 Nc6 14. Ng3 f5 15. Rb1 Rae8 16. d3 Nb8 17. c4 Qxa4 18. b3 Qc6 19. Bd2 Nd7 20. b4 e5 21. Qc1 fxe4 22. Nxe4 Nf6 23. Re1 Nxe4 24. Rxe4 d5 25. cxd5 Qxd5 26. fxe5 Rxe5 27. Rxe5 Qxe5 28. Qc4+ Kh8 29. Rf1 Rxf1+ 30. Kxf1 Qf5+ 31. Kg1 h5 32. b5 Qg4 33. Kf2 Kh7 34. h3 Qf5+ 35. Ke2 h4 36. Qa4 Qd5 37. Kf2 Be5 38. Qxa7 Qxb5 39. Qa3 Bg3+ 40. Kg1 Qd7 41. Qf8 Qe6 42. Qf3 Qb3 43. Kf1 Kg7 44. Ke2 Qe6+ 45. Kd1 Qb3+ 46. Ke2 Qb5 47. Qe4 Qh5+ 48. Qf3 Qe5+ 49. Kd1 Qb5 50. Qe4 Qd7 51. Bf4 Qa4+ 52. Ke2 Bxf4 53. Qxf4 Qc2+ 54. Ke1 Qxd3 55. Qe5+ Kf7 56. Qc7+ Ke6 57. Qb6+ Ke5 58. Qc5+ Kf4 59. Qd6+ Ke3 60. Qe7+ Qe4 61. Qa3+ Kf4+ 62. Kd1 Qxg2 63. Qd6+ Ke3 64. Qe5+ Qe4 65. Qg5+ Kf3 66. Qf6+ Kg3 67. Qd6+ Kxh3 68. Qd7+ Qg4+ 0-1

[Event "TUR-ch U13-U18"]
[Site "Antalya"]
[Date "2020.01.19"]
[Round "1"]
[White "Akbas, Umut Ata"]
[Black "Uymaz, Suleyman"]
[Result "1-0"]
[WhiteElo "2213"]
[BlackElo "1366"]
[PlyCount "103"]
[EventDate "2020.01.19"]
[EventType "swiss"]
[EventRounds "11"]
[EventCountry "TUR"]
[SourceTitle "CBM 195 Extra"]
[Source "ChessBase"]
[SourceDate "2020.05.31"]
[SourceVersion "1"]
[SourceVersionDate "2020.05.31"]
[SourceQuality "1"]

1. d4 f5 2. c4 g6 3. Nc3 Nf6 4. g3 Bg7 5. Bg2 d6 6. Nf3 0-0 7. 0-0 c6 8. Qc2 Qc7 9. Rd1 Re8 10. b3 h6 11. Nh4 Kh7 12. e4 e6 13. f4 Qf7 14. e5 dxe5 15. dxe5 Ng8 16. Be3 Bf8 17. Qf2 b6 18. Nb5 Bb7 19. Nd6 Bxd6 20. Rxd6 Ne7 21. Rad1 Nc8 22. R6d2 Re7 23. b4 Kg7 24. Bf3 Rc7 25. Ng2 Na6 26. a3 Ne7 27. Rd7 Rac8 28. h4 Nb8 29. R7d6 Rg8 30. Ne1 Kh7 31. Nc2 Nc8 32. R6d2 Re8 33. a4 Ree7 34. c5 b5 35. Qg2 a6 36. Rd6 Na7 37. Nd4 Nc8 38. Qa2 Nxd6 39. cxd6 Rcd7 40. dxe7 Rxe7 41. axb5 axb5 42. Nb3 Na6 43. Nc5 Nxb4 44. Qb3 Nd5 45. Bxd5 exd5 46. e6 Qe8 47. Ra1 Qb8 48. Bd4 Bc8 49. Qe3 Re8 50. Bb2 Qb6 51. Qd4 Qc7 52. Nd7 1-0